| 000 | 00467nam a22001937a 4500 | ||
|---|---|---|---|
| 005 | 20230717112008.0 | ||
| 008 | 230717b |||||||| |||| 00| 0 eng d | ||
| 020 | _a9789332550247 | ||
| 082 |
_a001.424 _bGOR-S |
||
| 100 | _aGordon;Geoffrey | ||
| 245 | _aSystems Simulation | ||
| 250 | _a2nd ed. | ||
| 260 |
_aIndia _bPearsons _c2017 |
||
| 300 | _a324 | ||
| 500 | _aInclude Index | ||
| 650 | _aEngineering/Electrical | ||
| 700 | _aGordon;Geoffrey | ||
| 999 |
_c26014 _d26014 |
||